[Event "Novgorod RUS"]
[Site "Novgorod RUS"]
[Date "1994.??.??"]
[Round "?"]
[White "Short, Nigel D"]
[Black "Bareev, Evgeny I"]
[Result "1/2-1/2"]
[WhiteElo "2655"]
[BlackElo "2685"]
[PlyCount "25"]
[EventDate "1994.??.??"]
[Source "www.chesslib.no"]
[SourceDate "2004.05.04"]

1. e4 e6 2. d4 d5 3. Nc3 Nf6 4. e5 Nfd7 5. f4 c5 6. Nf3 Nc6 7. Be3 Qb6 8. Na4 Qa5+ 9. c3 c4 10. b4 Qc7 11. Be2 Be7 12. O-O f5 13. Ne1 1/2-1/2

[Event "France 88/261"]
[Site "?"]
[Date "2003.??.??"]
[Round "?"]
[White "Grischuk, A."]
[Black "Gurevich, M."]
[Result "1/2-1/2"]
[WhiteElo "2701"]
[BlackElo "2635"]
[PlyCount "113"]
[EventDate "2003.??.??"]
[Source "Chess Informant"]
[SourceDate "2003.06.01"]

1. e4 e6 2. d4 d5 3. Nc3 Nf6 4. e5 Nfd7 5. f4 c5 6. Nf3 a6 7. Be3 Qb6 8. a3 Nc6 9. dxc5 Bxc5 10. Na4 Qa5+ 11. b4 Qxa4 12. bxc5 O-O 13. c4 Qa5+ 14. Qd2 Rd8 15. cxd5 exd5 16. Qxa5 Nxa5 17. Rb1 Nb8 18. Bd3 Nbc6 19. Kf2 Nc4 20. Rb3 N6a5 21. Rc3 Bd7 22. Rb1 Rac8 23. Bd4 Bb5 24. Bc2 Rc7 25. f5 Nc6 26. a4 Nxd4 27. Nxd4 Bd7 28. e6 Bc8 29. c6 bxc6 30. Rb8 Rf8 31. e7 Rxe7 32. Nxc6 Rc7 33. Nd4 Bd7 34. Rb6 Ra8 35. f6 Nxb6 36. Rxc7 Bxa4 37. Bxa4 Nxa4 38. Nf5 Nb6 39. fxg7 a5 40. Rb7 Nc4 41. h4 a4 42. h5 h6 43. g4 a3 44. g5 hxg5 45. h6 Ne5 46. Ne7+ Kh7 47. Ra7 Rd8 48. Kg3 d4 49. Rxa3 d3 50. Ra5 f6 51. Ra6 d2 52. Rd6 Re8 53. g8=Q+ Rxg8 54. Nxg8 Kxg8 55. Rxd2 Kh7 56. Rd6 Kxh6 57. Rxf6+ 1/2-1/2

[Event "Batumi"]
[Site "?"]
[Date "1999.??.??"]
[Round "?"]
[White "Fedorov, Alex"]
[Black "Korchnoi, V."]
[Result "1-0"]
[WhiteElo "2655"]
[BlackElo "2675"]
[PlyCount "115"]
[EventDate "1999.??.??"]
[Source "Chess Informant"]
[SourceDate "1999.10.01"]

1. e4 e6 2. d4 d5 3. Nc3 Nf6 4. e5 Nfd7 5. f4 c5 6. Nf3 Nc6 7. Be3 a6 8. Qd2 cxd4 9. Nxd4 Bc5 10. O-O-O O-O 11. h4 Nxd4 12. Bxd4 b5 13. Rh3 b4 14. Na4 Bxd4 15. Qxd4 a5 16. Bb5 Rb8 17. Bd3 Bb7 18. f5 Qc7 19. Re1 exf5 20. Bxf5 Bc6 21. Nc5 Nxc5 22. Qxc5 Rfe8 23. Rhe3 Qb6 24. Qxb6 Rxb6 25. e6 g6 26. exf7+ Kxf7 27. Be6+ Kg7 28. Bg4 Rbb8 29. Kd2 Re4 30. Bf3 Rxe3 31. Rxe3 Kf6 32. Bg4 Re8 33. Rf3+ Ke7 34. Rf4 Kd6 35. Bf3 Re7 36. Rf6+ Re6 37. Rf7 Re7 38. Rxe7 Kxe7 39. Ke3 Ba4 40. c3 bxc3 41. bxc3 Kd6 42. Kd4 Bc6 43. g3 h6 44. Bg2 g5 45. hxg5 hxg5 46. Bf3 Bb7 47. c4 Bc8 48. Bxd5 Bg4 49. c5+ Kc7 50. Ke5 Be2 51. Kf5 g4 52. Kf4 Kd7 53. a3 Bd1 54. Be4 Kc7 55. Bf5 Kc6 56. Bxg4 Ba4 57. Ke5 Kxc5 58. Be6 1-0

[Event "Luzern"]
[Site "?"]
[Date "1993.??.??"]
[Round "?"]
[White "Shirov, A."]
[Black "Kortchnoi, V."]
[Result "1/2-1/2"]
[WhiteElo "2685"]
[BlackElo "2625"]
[PlyCount "80"]
[EventDate "1993.??.??"]
[Source "ChessBase"]
[SourceDate "1993.10.01"]

1. e4 e6 2. d4 d5 3. Nc3 Nf6 4. e5 Nfd7 5. Nce2 c5 6. c3 Nc6 7. f4 b5 8. a3 cxd4 9. Nxd4 Nxd4 10. cxd4 b4 11. a4 Nb6 12. Nf3 Be7 13. b3 a5 14. Bb5+ Nd7 15. O-O Ba6 16. Bxa6 Rxa6 17. Qd3 Rc6 18. Bd2 O-O 19. Rac1 Nb8 20. f5 exf5 21. Qxf5 Qb6 22. Rxc6 Nxc6 23. Be3 Nd8 24. Qd7 Qe6 25. Qxe6 Nxe6 26. Rc1 Ra8 27. h4 h6 28. g4 Kf8 29. g5 hxg5 30. Bxg5 Bxg5 31. Nxg5 Nxd4 32. Rc7 Kg8 33. Rxf7 Rf8 34. Rd7 Nf3+ 35. Kg2 Nxe5 36. Rxd5 Nc6 37. Rc5 Rf6 38. h5 g6 39. Ne4 Re6 40. hxg6 Rxe4 1/2-1/2

[Event "IECG, Morgado Simul Exhibition"]
[Site "IECG, Morgado Simul Exhibitio"]
[Date "1995.??.??"]
[Round "?"]
[White "Morgado, Juan Sebastian"]
[Black "Pribut, Stephen"]
[Result "1-0"]
[WhiteElo "2540"]
[BlackElo "2760"]
[PlyCount "43"]
[EventDate "1995.??.??"]
[Source "www.chesslib.no"]
[SourceDate "2004.05.04"]

1. e4 e6 2. d4 d5 3. Nc3 Nf6 4. e5 Nfd7 5. f4 c5 6. Nf3 Nc6 7. Be3 cxd4 8. Nxd4 Qb6 9. Qd2 Qxb2 10. Rb1 Qa3 11. Bb5 Nxd4 12. Bxd4 Bb4 13. Rb3 Qa5 14. a3 Be7 15. f5 exf5 16. Nxd5 Qxd2+ 17. Kxd2 Bd8 18. Rg3 Rg8 19. Nf6+ Bxf6 20. exf6 g5 21. Re1+ Kd8 22. Re7 1-0

[Event "Lyon-Clichy"]
[Site "Lyon-Clichy"]
[Date "1991.??.??"]
[Round "2"]
[White "Ehlvest, Jaan"]
[Black "Gurevich, Mikhail N"]
[Result "1/2-1/2"]
[WhiteElo "2650"]
[BlackElo "2650"]
[PlyCount "51"]
[EventDate "1991.??.??"]
[Source "www.chesslib.no"]
[SourceDate "2004.05.04"]

1. e4 e6 2. d4 d5 3. Nc3 Nf6 4. e5 Nfd7 5. f4 c5 6. Nf3 Nc6 7. Be3 cxd4 8. Nxd4 Bc5 9. Qd2 Nxd4 10. Bxd4 Bxd4 11. Qxd4 Qb6 12. Qxb6 Nxb6 13. Nb5 Ke7 14. Kd2 Bd7 15. Nd4 h5 16. b3 a6 17. Bd3 Nc8 18. Rae1 g6 19. c3 Na7 20. h4 Rhc8 21. Rc1 Rc7 22. g3 Rac8 23. Rhe1 Bb5 24. Bb1 Bd7 25. Bd3 Bb5 26. Bb1 1/2-1/2